[Event "Challenge"]
[Site "http://www.queenalice.com/game.php?id=9245"]
[Date "2005.4.8"]
[Round "-"]
[White "denisaja"]
[Black "jmanuelr"]
[Result "1-0"]
[WhiteElo "1293"]
[BlackElo "1282"]

1. e4 Nf6 2. Nc3 d5 3. f3 c6 4. d3 Na6 5. exd5 cxd5 6. a4 h5 7. d4 Qd6 8. Nh3
Bf5 9. Bd3 Qe6+ 10. Ne2 g6 11. Ng5 Qd7 12. Bb5 Bxc2 13. Qxc2 Nb4 14. Qc3 Nc6 15.
a5 Bh6 16. Nh3 a6 17. Ba4 b5 18. Bb3 b4 19. Qc5 h4 20. Bf4 Rc8 21. Qb6 Ra8 22.
Rc1 Nd8 23. Qxb4 O-O 24. Bxh6 Qb7 25. Qa3 Rb8 26. Rc3 Qb4 27. Qa2 Nc6 28. Bxf8
Kxf8 29. O-O Nxd4 30. Nxd4 Qxd4+ 31. Nf2 g5 32. Rd1 Qf4 33. Nh3 Qf5 34. Bxd5 g4
35. Nf2 Qg5 36. fxg4 Nxg4 37. Nxg4 Qxg4 38. Bxf7 Qxd1+ 39. Kf2 Qd2+ 40. Kf3 Rxb2
41. Qa3 Qf2+ 42. Kg4 Qxg2+ 43. Kf4 Rf2+ 44. Rf3 Qxh2+ 45. Ke4 Qg2 46. Bd5+ Kg7
47. Qxe7+ Kg6 48. Qf6+ Kh7 49. Qxh4+ Kg7 50. Qxf2 Qg4+ 51. Kd3 Qg6+ 52. Be4 Qd6+
53. Ke2 Kh6 54. Qh4+ Kg7 55. Qh7# 1-0

[Event "hermanos"]
[Site "http://www.queenalice.com/game.php?id=10858"]
[Date "2005.4.24"]
[Round "-"]
[White "valdir"]
[Black "jmanuelr"]
[Result "1-0"]
[WhiteElo "1541"]
[BlackElo "1260"]

1. e4 Nf6 2. d3 Nc6 3. Bg5 h6 4. Bxf6 gxf6 5. a3 b5 6. Be2 Rg8 7. g4 d5 8. exd5
Qxd5 9. f3 Qd4 10. c3 Qe3 11. Qd2 Qg5 12. h4 Qe5 13. Kd1 Na5 14. f4 Qd5 15. Bf3
Qb3+ 16. Kc1 Bb7 17. Qg2 Rd8 18. Bxb7 Rxd3 19. Nd2 Qa4 20. Be4 Nc4 21. Bxd3 Ne3
22. Qe2 Nc4 23. Bxc4 bxc4 24. Nxc4 f5 25. g5 Bg7 26. Qd3 Qc6 27. Nf3 Qe4 28.
Qxe4 fxe4 29. gxh6 Bxh6 30. Ng5 f5 31. Ne5 e3 32. b4 e2 33. Re1 Rh8 34. Rxe2 Rg8
35. Nc6 e5 36. Rxe5+ Kd7 37. Nxa7 Rh8 38. Kb2 Bg7 39. Rd5+ Ke7 40. Nc6+ Kf8 41.
Ne6+ Kf7 42. Nxg7 Rxh4 43. Rd7+ Kf8 44. Re1 Rxf4 45. Re8# 1-0

[Event "Uh TererÃª IV"]
[Site "http://www.queenalice.com/game.php?id=11207"]
[Date "2005.4.26"]
[Round "-"]
[White "neves"]
[Black "jmanuelr"]
[Result "1-0"]
[WhiteElo "1374"]
[BlackElo "1318"]

1. d4 Nc6 2. e4 e5 3. d5 Nd4 4. c3 Nb5 5. c4 Bb4+ 6. Bd2 Nd6 7. Bxb4 Nxe4 8. f3
Qh4+ 9. g3 Nxg3 10. hxg3 Qxh1 11. Ne2 d6 12. f4 Nf6 13. fxe5 Ng4 14. exd6 Ne3
15. Qd4 Qxf1+ 16. Kd2 Nd1 17. Qe5+ Kf8 18. dxc7+ Kg8 19. Qe8# 1-0

[Event "Challenge"]
[Site "http://www.queenalice.com/game.php?id=18006"]
[Date "2005.7.1"]
[Round "-"]
[White "alepitboe"]
[Black "jmanuelr"]
[Result "1-0"]
[WhiteElo "1372"]
[BlackElo "1295"]

1. e4 Nf6 2. e5 Nd5 3. c4 Nb6 4. c5 Nd5 5. Bc4 e6 6. Nc3 Nb4 7. a3 Nd5 8. Nxd5
exd5 9. Bxd5 Bxc5 10. b4 Bd4 11. Qf3 Bxa1 12. Qxf7# 1-0

[Event "1st?"]
[Site "http://www.queenalice.com/game.php?id=18300"]
[Date "2005.7.3"]
[Round "-"]
[White "Dinho"]
[Black "jmanuelr"]
[Result "1-0"]
[WhiteElo "1548"]
[BlackElo "1254"]

1. e4 Nf6 2. Nc3 Nc6 3. Nf3 Nb4 4. a3 Nc6 5. d4 e6 6. Bf4 Bd6 7. e5 Nh5 8. Bg3
Be7 9. Bb5 Na5 10. Nd2 c6 11. Qxh5 cxb5 12. Nxb5 Bg5 13. f4 g6 14. Qe2 Bh4 15.
Nd6+ Kf8 16. Nxc8 Qxc8 17. Bxh4 Qxc2 18. Ne4 Qb3 19. Nf6 Rd8 20. O-O Nc4 21.
Rac1 Nxb2 22. Rf3 Qb4 23. axb4 Na4 24. Qa2 Nb6 25. Qxa7 Nd5 26. Nxd5 Kg7 27.
Bf6+ Kh6 28. Rh3# 1-0

[Event "Uh TererÃª V. A neguinha."]
[Site "http://www.queenalice.com/game.php?id=18521"]
[Date "2005.7.6"]
[Round "-"]
[White "jmanuelr"]
[Black "neves"]
[Result "0-1"]
[WhiteElo "1249"]
[BlackElo "1350"]

1. Nf3 d5 2. d4 f5 3. Bg5 h6 4. Bf4 g5 5. Be5 Rh7 6. Nc3 g4 7. Qd3 gxf3 8. g4
fxe2 9. Bxe2 e6 10. Qe3 Bb4 11. Bb5+ c6 12. Bd3 Bxc3+ 13. bxc3 Re7 14. Rg1 Qa5
15. Kd2 Nd7 16. g5 h5 17. g6 Nxe5 18. Qxe5 c5 19. Qh8 Kf8 20. g7+ Rxg7 21. Qxg7+
Ke8 22. Qxg8+ Kd7 23. Rab1 cxd4 24. Bb5+ Kc7 25. Rg7+ Kb6 26. Qe8 a6 27. Bd3+
Ka7 28. Rb4 Rb8 29. Ra4 Qxc3+ 30. Kc1 Qe1+ 31. Kb2 Qc3+ 32. Kb1 Ka8 0-1

[Event "Invitation"]
[Site "http://www.queenalice.com/game.php?id=25337"]
[Date "2005.8.23"]
[Round "-"]
[White "jmanuelr"]
[Black "lclassance"]
[Result "0-1"]
[WhiteElo "1234"]
[BlackElo "1381"]

1. Nf3 f6 2. Nc3 c6 3. g4 d5 4. d4 Bxg4 5. Nh4 g5 6. Ng2 Nh6 7. f3 Bh3 8. Ne3 e6
9. Bxh3 f5 10. Bd2 g4 11. fxg4 Qh4+ 12. Kf1 Qxh3+ 13. Ng2 Nxg4 14. Bf4 Rg8 15.
Qd3 Ne3+ 16. Kf2 Rxg2+ 17. Ke1 Nxc2+ 18. Qxc2 Qh4+ 19. Bg3 Qxd4 20. Kf1 Rxg3 21.
hxg3 Bc5 22. Rd1 Qf2# 0-1

[Event "Invitation"]
[Site "http://www.queenalice.com/game.php?id=40676"]
[Date "2005.11.30"]
[Round "-"]
[White "leandropiccolo"]
[Black "jmanuelr"]
[Result "0-1"]
[WhiteElo "1178"]
[BlackElo "1223"]

1. e4 Nf6 2. Nc3 Nc6 3. Nf3 d5 4. d3 dxe4 5. dxe4 Qd6 6. Bd2 Qc5 7. Bb5 Ng4 8.
Qe2 a6 9. Bc4 Nd4 10. Qd3 Nxc2+ 11. Kd1 Nxa1 12. Kc1 Nxf2 13. Kb1 Nxd3 14. Kxa1
Qxc4 15. b3 Qc5 16. Ng5 Qa3 17. Rf1 Qb2# 0-1

[Event "Challenge"]
[Site "http://www.queenalice.com/game.php?id=44172"]
[Date "2005.12.18"]
[Round "-"]
[White "lclassance"]
[Black "jmanuelr"]
[Result "1-0"]
[WhiteElo "1611"]
[BlackElo "1225"]

1. e4 Nc6 2. Bc4 Nf6 3. Nc3 g5 4. d3 e5 5. a3 Nd4 6. Be3 c5 7. b4 cxb4 8. axb4
Bxb4 9. Qd2 Ng4 10. Bxg5 Nxc2+ 11. Kd1 Nxa1 12. Bxd8 Kxd8 13. h3 Nf6 14. Qb2
Bxc3 15. Qxc3 d5 16. exd5 Bf5 17. Qxa1 Rg8 18. g4 Be4 19. dxe4 Nxe4 20. Rh2 Rc8
21. Qxa7 Nc3+ 22. Kd2 Rxc4 23. Qb8+ Ke7 24. Qxg8 Nb1+ 25. Ke3 Rc3+ 26. Ke4 Nd2+
27. Kxe5 f6+ 28. Kf5 Nf1 29. Qe6+ Kd8 30. Qxf6+ Kc8 31. Qxc3+ Kd7 32. Rh1 b5 33.
Nf3 b4 34. Qc6+ Kd8 35. Rxf1 Ke7 36. Re1+ Kf7 37. Qd7+ Kg8 38. Re8# 1-0

[Event "Challenge"]
[Site "http://www.queenalice.com/game.php?id=292293"]
[Date "2007.10.24"]
[Round "-"]
[White "jmanuelr"]
[Black "FENIX_RJ"]
[Result "1-0"]
[WhiteElo "1215"]
[BlackElo "1551"]

1. Nf3 d5 2. Nc3 Bg4 3. Nd4 e5 4. h3 Bh5 5. Nf3 Nc6 6. g4 Bg6 7. Nxe5 Nxe5 8. d4
c5 9. dxe5 f6 10. Bf4 c4 11. Qxd5 Qb6 12. e6 Ne7 13. Qd7# 1-0

[Event "Challenge"]
[Site "http://www.queenalice.com/game.php?id=402849"]
[Date "2008.5.14"]
[Round "-"]
[White "jmanuelr"]
[Black "neves"]
[Result "0-1"]
[WhiteElo "1244"]
[BlackElo "1388"]

1. Nf3 d5 2. d4 e6 3. Bg5 f6 4. Bh4 g5 5. Bg3 Bd6 6. Nc3 h5 7. h4 Bxg3 8. fxg3
g4 9. Nd2 f5 10. Nb5 c6 11. Na3 Qc7 12. c4 Qxg3# 0-1

[Event "mais uma"]
[Site "http://www.queenalice.com/game.php?id=420542"]
[Date "2008.6.20"]
[Round "-"]
[White "jmanuelr"]
[Black "neves"]
[Result "1-0"]
[WhiteElo "1225"]
[BlackElo "1704"]

1. e4 d5 2. Nc3 c6 3. b4 f5 4. d3 a5 5. a3 fxe4 6. Na4 b5 7. Nc5 e6 8. dxe4 Bxc5
9. bxc5 dxe4 10. Qh5+ g6 11. Qe5 Nf6 12. Bg5 Rf8 13. Rd1 Bd7 14. Rd6 b4 15. Bc4
Qe7 16. axb4 axb4 17. Ne2 Ra1+ 18. Bc1 Ra5 19. Bxe6 Kd8 20. Nd4 Ra7 21. Rd5 cxd5
22. Qxb8+ Bc8 23. Qxc8# 1-0

[Event "Challenge"]
[Site "http://www.queenalice.com/game.php?id=420768"]
[Date "2008.6.20"]
[Round "-"]
[White "jmanuelr"]
[Black "juarid"]
[Result "0-1"]
[WhiteElo "1225"]
[BlackElo "1566"]

1. e4 c5 2. c4 Nc6 3. Qh5 d6 4. Nc3 Nf6 5. Qh4 g6 6. Nd5 Bg7 7. Nf3 e6 8. e5
dxe5 9. Nc3 O-O 10. Ng5 h6 11. Nge4 Nxe4 12. Qxe4 f5 13. Qf3 e4 14. Qg3 Nd4 15.
Qxg6 Nc2+ 16. Ke2 Nxa1 17. Qg3 f4 0-1

[Event "Challenge"]
[Site "http://www.queenalice.com/game.php?id=502642"]
[Date "2008.12.4"]
[Round "-"]
[White "jmanuelr"]
[Black "Tourinho"]
[Result "0-1"]
[WhiteElo "1255"]
[BlackElo "1571"]

1. Nc3 d5 2. e4 d4 3. Nd5 e5 4. Nf3 f6 5. c3 dxc3 6. Nxc3 Be6 7. Qa4+ c6 8. Nd5
Nd7 9. Nc3 b5 10. Qc2 Bc5 11. d3 Qb6 12. Be3 Bxe3 13. fxe3 Qxe3+ 14. Qe2 Qxe2+
15. Bxe2 Ne7 0-1

[Event "Challenge"]
[Site "http://www.queenalice.com/game.php?id=688489"]
[Date "2009.11.25"]
[Round "-"]
[White "jmanuelr"]
[Black "FENIX_RJ"]
[Result "0-1"]
[WhiteElo "1242"]
[BlackElo "1461"]

1. Nf3 d5 2. Nc3 Nf6 3. d3 Nc6 4. e4 d4 5. Nd5 Ng4 6. c3 e5 7. Bg5 f6 8. Bh4 g5
9. Bg3 dxc3 10. bxc3 Na5 11. Qa4+ Nc6 12. d4 Bd7 13. dxe5 fxe5 14. h4 b5 15.
Qxb5 Nd4 16. Nxc7+ Qxc7 17. Qd5 Qxc3+ 18. Nd2 Qxa1+ 19. Nb1 Qxb1+ 20. Kd2 Qc2+
21. Ke1 Bb4# 0-1